000 00731nam a2200169Ia 4500
008 090711s9999 xx 000 0 und d
082 _b58721
100 _aदीक्षित कमलाकर
245 _aमर्ढेकरांSो सौदर्य शास्त्र :पुनर्विSाार
260 _c1976
300 _a180
600 _aदीक्षित कमलाकर
630 _aमर्ढेकरांSो सौदर्य शास्त्र :पुनर्विSाार
700 _aदीक्षित कमलाकर
730 _aमर्ढेकरांSो सौदर्य शास्त्र :पुनर्विSाार
942 _cBOOK
999 _c315721
_d315721